zpět

Detail výsledku týmu

Hospůdka Želenice, Želenice

Datum a čas kvízu

18.5 Celkem bodů Celkový počet nahraných bodů na tomto kvízu bez doplňovacích otázek.
4. Pořadí na kvízu Konečné umístění týmu na tomto kvízu.

Zaznamenané odpovědi

# Otázka Odpověď Body Výsledky
1. Minulý týden navštívil Českou... 0
2. Minulý týden bylo oznámeno zah... 1
3. Jediným Čechem, který vystoupí... 0
4. Aktuální vydání gastronomickéh... 1
5. Argentinský útočník Carlos Tév... 0
6. Zaměříme se na nová slova v če... 0
7. Jeden z našich nejdůraznějších... 0.5
8. Mezi několik málo slov, která... 0
9. Jak se nazývá termín, který by... 0
10. Tvorba neologismů není jen zál... 0